书目信息 |
| 题名: |
绿野仙踪
|
|
| 作者: | 鲍姆 著 | |
| 分册: | ||
| 出版信息: | 杭州 浙江教育出版社 2018.01 |
|
| 页数: | 146页 | |
| 开本: | 21cm | |
| 丛书名: | 经典原版书系 | |
| 单 册: | ||
| 中图分类: | H319.4:I712.88 , H319.4:I | |
| 科图分类: | ||
| 主题词: | 英语--语言读物 , 童话--美国--近代 | |
| 电子资源: | ||
| ISBN: | 978-7-5536-6734-8 | |
| 000 | 00933nam0 2200277 450 | |
| 001 | 2353301715 | |
| 005 | 20230925145613.95 | |
| 010 | @a978-7-5536-6734-8@dCNY19.00 | |
| 090 | @aH319.4@bbm | |
| 096 | @aH319.4@bbm | |
| 100 | @a20180424d2018 em y0chiy50 ea | |
| 101 | 0 | @aeng@gchi |
| 102 | @aCN@b330000 | |
| 105 | @ay z 000fy | |
| 200 | 1 | @a绿野仙踪 @dThe wonderful wizard of Oz @e英文版 @f(美)莱曼·弗兰克·鲍姆(Lyman Frank Baum)著@F(Mei)Lai Man·Fu Lan Ke·Bao Mu(Lyman Frank Baum)Zhu@zeng @9lv ye xian zong |
| 210 | @a杭州@c浙江教育出版社@d2018.01 | |
| 215 | @a146页@d21cm | |
| 225 | 1 | @a经典原版书系 |
| 510 | 1 | @a=The Wonderful wizard of Oz@zeng |
| 606 | 0 | @a英语@j语言读物 |
| 606 | 0 | @a童话@y美国@z近代 |
| 690 | @aH319.4:I712.88@v5 | |
| 690 | @aH319.4:I@v4 | |
| 701 | 0 | @c(美)@a鲍姆@c(Baum, Lyman Frank@f1856~1919)@4著@9bao mu |
| 801 | 0 | @aCN@b河南城建学院图书馆@c20180424 |
| 905 | @aZUCC@dH319.4:I@eL3031 | |
| 绿野仙踪 =The wonderful wizard of Oz :英文版 /(美)莱曼·弗兰克·鲍姆(Lyman Frank Baum)著.-杭州:浙江教育出版社,2018.01 |
| 146页;21cm.-(经典原版书系) |
| ISBN 978-7-5536-6734-8:CNY19.00 |
| ● |
| 相关链接 |
|
|
|
正题名:绿野仙踪
索取号:H319.4:I/L3031
 
预约/预借
| 序号 | 登录号 | 条形码 | 馆藏地/架位号 | 状态 | 备注 |
| 1 | 1506542 | 215065426 | 语言库209/209语言库 54排2列6层/ [索取号:H319.4:I/L3031] | 在馆 |